000
00367nam a2200145Ia 4500
008
231129s1994||||xx |||||||||||||| ||spa||
020
_a
958-07-0847-9
040
_b
spa
082
_a
843.993 P713r
100
_a
Plante Raymond
245
0
_a
El rey de nada
260
_c
1994
264
_a
Edilux Ediciones
942
_2
ddc
_c
BKS
999
_c
12325
_d
12325